000 01072nam a2200289 c 4500
003 BLK
005 20190913121216.0
008 180911b bul|||||r ||||||| ||bul||
010 _a002716
040 _aBLK
041 _aBUL
080 _aДеребеев, Стефан
_x92
_z371(092)92
100 1 _aЦЕРОВ, Иван
_eпърви автор
245 0 0 _aСтефан Б. Деребеев
260 _aВарна
_bРед. к-т на Варненското археол. д-во
_fВарна : Новини
300 _a7 с
_c23 см
380 _a0
490 _aМатериали за историята на гр. Варна
490 _aЧастна колекция - Академик Михаил Арнаудов
_gДарение - Основен фонд
501 _aПрил. към Варн. Общин. вестник.
650 _aБиографии
650 _aУчилищно дело
655 _aбългарско образование
700 1 _aИв. П. Церов
852 _aМА 4098
942 _cKNG
_n0
944 _aCR
_c1994
999 _c343055
_d343055